Are These Seemingly True Statements Really True? - Statistics

General Stats
  • This quiz has been taken 21 times
  • The average score is 11 of 15
Answer Stats
Question Answer % Correct
French Fries were invented in France. False
100%
There are no African countries in the world's top 10 most populous countries. False
100%
Julius Caesar was the first Roman emperor. False
100%
The giraffe is one of Africa's big five game. False
100%
The first dinosaurs existed before the Jurassic period. True
100%
Florida's highest elevation is below 1000 feet. True
100%
Catholicism has the most members of any Christian denomination in the world. True
100%
At some point in history, the statement that "the sun never sets on the British Empire," was true. True
100%
The warmest planet in the solar system is Mercury. False
67%
The character Mario first appeared in the original Super Mario Bros. False
67%
The Mongols originated in what is now Mongolia. True
67%
The easternmost U.S. state is Maine. False
33%
Bananas grow on trees. False
33%
WITHOUT adjusting for inflation, Avengers: Endgame is the highest grossing film of all time. False
33%
The Six-Day War lasted for six days. True
33%
No matching quizzes found
Score Distribution
Percent of People with Each Score
Percentile by Number Answered
Your Score History
You have not taken this quiz